Investing in affordable housing, a consultation (Record no. 109691)

MARC details
000 -LEADER
fixed length control field 01283cad a22002535a 4500
001 - CONTROL NUMBER
control field E147702
008 - FIXED-LENGTH DATA ELEMENTS--GENERAL INFORMATION
fixed length control field 090605s2009 xxk f s000 0 eng d
020 ## - INTERNATIONAL STANDARD BOOK NUMBER
International Standard Book Number 9780755975563
035 ## - SYSTEM CONTROL NUMBER
System control number (Sirsi) u147702
041 0# - LANGUAGE CODE
Language code of text/sound track or separate title eng
050 04 - LIBRARY OF CONGRESS CALL NUMBER
Classification number 306.026 $2 18
100 2# - MAIN ENTRY--PERSONAL NAME
Personal name Scott, John
245 00 - TITLE STATEMENT
Title Investing in affordable housing, a consultation
Remainder of title an analysis of responses
Medium [electronic resource]
260 ## - PUBLICATION, DISTRIBUTION, ETC.
Place of publication, distribution, etc. Edinburgh
Name of publisher, distributor, etc. Scottish Government Social Research
Date of publication, distribution, etc. 2009
505 2# - FORMATTED CONTENTS NOTE
Formatted contents note Executive summary -- Introduction -- Overview of responses -- Background and economic situation -- a more strategic approach -- Lead developers -- Development consortia -- Proposed competitive mechanisms -- Implementation
520 ## - SUMMARY, ETC.
Summary, etc. Analyses the responses to a consultation on proposals for changes to the method of allocating subsidy in Scotland through a network of Lead Developers. See E146099 for the original consultation and E147335 for the RICS response.
521 ## - TARGET AUDIENCE NOTE
Target audience note Advanced
590 ## - LOCAL NOTE (RLIN)
Local note KA
651 #4 - SUBJECT ADDED ENTRY--GEOGRAPHIC NAME
Geographic name Scotland
Chronological subdivision 1999-
690 ## - LOCAL SUBJECT ADDED ENTRY--TOPICAL TERM (OCLC, RLIN)
Topical term or geographic name as entry element PROPERTY-RESIDENTIAL PROPERTY-DOMESTIC RESIDENTIAL PROPERTY-HOUSING
700 1# - ADDED ENTRY--PERSONAL NAME
Personal name Reid, Steven
856 40 - ELECTRONIC LOCATION AND ACCESS
Uniform Resource Identifier <a href="https://www.scotland.gov.uk/Publications/2009/06/04132312/0">https://www.scotland.gov.uk/Publications/2009/06/04132312/0</a>
Public note View the consultation free of charge at www.scotland.gov.uk...
942 ## - ADDED ENTRY ELEMENTS (KOHA)
Suppress in OPAC 0
Holdings
Withdrawn status Lost status Source of classification or shelving scheme Damaged status Not for loan Home library Current library Shelving location Date acquired Total Checkouts Full call number Barcode Date last seen Copy number Price effective from Koha item type
    Dewey Decimal Classification     Virtual Virtual Online 05/06/2009   ONLINE PUBLICATION 147702-2001 06/08/2019 1 06/08/2019 Book